| 000 | 00483nam a22001577a 4500 | ||
|---|---|---|---|
| 005 | 20251108171939.0 | ||
| 008 | 250721s9999 xx 000 0 ara d | ||
| 082 | 1 | 4 | _aط/812.9565/مجد |
| 100 | 1 | _aفرج، مجدي | |
| 245 | 1 | 0 |
_aسندريللا : _bمسرحية في فصلين للصغار و الكبار / |
| 264 | 1 |
_aالقاهرة : _bدار الثقافة الجديدة، |
|
| 300 | _a76ص | ||
| 650 | 1 | 7 | _aأدب الأطفال |
| 942 |
_2ddc _cBK |
||
| 999 |
_c66623 _d66623 |
||